[Event "HUN-chT 2324"]
[Site "Hungary"]
[Date "2024.03.03"]
[Round "5.5"]
[White "Szalai, Kornel"]
[Black "Kaczur, Florian"]
[Result "0-1"]
[WhiteElo "2383"]
[BlackElo "2504"]
[PlyCount "70"]
[EventDate "2023.10.28"]
[EventType "team-tourn"]
[EventRounds "9"]
[EventCountry "HUN"]
[SourceTitle "CB16_2024"]
[SourceDate "2024.04.17"]
[SourceVersion "1"]
[SourceVersionDate "2024.04.17"]
[SourceQuality "1"]
[WhiteTeam "Mako Duocor"]
[BlackTeam "Paks"]
[WhiteTeamCountry "HUN"]
[BlackTeamCountry "HUN"]

1. Nf3 d5 2. d4 Nf6 3. c4 e6 4. g3 dxc4 5. Qa4+ Nbd7 6. Bg2 a6 7. Nc3 Rb8 8. Qxc4 b5 9. Qd3 Bb7 10. 0-0 Bd6 11. Rd1 0-0 12. b3 Qe7 13. Bb2 Rfd8 14. Ng5 Bxg2 15. Kxg2 c5 16. Nce4 c4 17. bxc4 bxc4 18. Qc2 h6 19. Nxd6 Qxd6 20. Nf3 Rdc8 21. Rac1 Qd5 22. Ba1 Ne4 23. Kg1 Qf5 24. Rf1 Ndf6 25. Nh4 Qg5 26. Ng2 Nd6 27. Rfd1 Nd5 28. e4 Nb4 29. Qe2 Nd3 30. Rc2 Qg6 31. f3 f5 32. e5 Nb5 33. a4 Na7 34. Rxc4 Rxc4 35. Qxd3 Rbc8 0-1

[Event "HUN-chT 2324"]
[Site "Hungary"]
[Date "2024.02.18"]
[Round "4.6"]
[White "Csonka, Attila Istvan"]
[Black "Kaczur, Florian"]
[Result "0-1"]
[WhiteElo "2297"]
[BlackElo "2504"]
[PlyCount "84"]
[EventDate "2023.10.28"]
[EventType "team-tourn"]
[EventRounds "9"]
[EventCountry "HUN"]
[SourceTitle "CB16_2024"]
[SourceDate "2024.04.17"]
[SourceVersion "1"]
[SourceVersionDate "2024.04.17"]
[SourceQuality "1"]
[WhiteTeam "Haladas"]
[BlackTeam "Paks"]
[WhiteTeamCountry "HUN"]
[BlackTeamCountry "HUN"]

1. e4 e6 2. d4 d5 3. Nd2 c5 4. Ngf3 Nc6 5. Bb5 a6 6. Bxc6+ bxc6 7. 0-0 Nf6 8. e5 Nd7 9. Re1 cxd4 10. Nxd4 c5 11. N4f3 Be7 12. Nf1 Bb7 13. c3 g5 14. h3 h5 15. Ng3 g4 16. hxg4 hxg4 17. Nh2 Qc7 18. Bf4 0-0-0 19. Qd2 Rh4 20. Bg5 Bxg5 21. Qxg5 Rhh8 22. Qe7 Rhg8 23. b4 Nb6 24. Qxc5 Qxc5 25. bxc5 Na4 26. Ne2 Nxc5 27. Rad1 Rg5 28. f4 gxf3 29. Nxf3 Rg4 30. Ned4 Ne4 31. Rb1 Rd7 32. Re3 Rc7 33. Rb3 Rg8 34. Ra3 Kd7 35. Rd3 Ke7 36. Nd2 Nc5 37. Re3 Rb8 38. N4b3 Nd7 39. Ra4 Rbc8 40. Nb1 Nb6 41. Rg4 Bc6 42. Rb4 Nc4 0-1

[Event "Budapest SixDays 01 GM-B"]
[Site "Budapest"]
[Date "2024.02.01"]
[Round "9"]
[White "Kaczur, Florian"]
[Black "Dau, Khuong Duy"]
[Result "1-0"]
[WhiteElo "2506"]
[BlackElo "2309"]
[PlyCount "73"]
[EventDate "2024.01.27"]
[EventType "tourn"]
[EventRounds "9"]
[EventCountry "HUN"]
[EventCategory "7"]
[SourceTitle "CB06_2024"]
[SourceDate "2024.02.07"]
[SourceVersion "1"]
[SourceVersionDate "2024.02.07"]
[SourceQuality "1"]

1. d4 Nf6 2. Nf3 g6 3. Bf4 Bg7 4. Nc3 0-0 5. e4 d6 6. Qd2 Bg4 7. 0-0-0 Nc6 8. Qe3 Nd7 9. Bh6 e6 10. h4 Bxh6 11. Qxh6 Qf6 12. Qe3 Nb6 13. e5 Qg7 14. Re1 Nd5 15. Nxd5 exd5 16. Nh2 Bd7 17. h5 dxe5 18. dxe5 Rae8 19. Nf3 f6 20. hxg6 hxg6 21. Qd2 Qf7 22. Bb5 Bg4 23. Nd4 Rxe5 24. Bxc6 bxc6 25. Nxc6 Re6 26. Rxe6 Bxe6 27. Qb4 Re8 28. Re1 Qd7 29. Nxa7 Bf7 30. Rxe8+ Qxe8 31. b3 Kg7 32. Qd4 Qe2 33. Kb2 g5 34. Qe3 Qd1 35. Nb5 Bg6 36. Qc5 c6 37. Nd4 1-0

[Event "Budapest SixDays 01 GM-B"]
[Site "Budapest"]
[Date "2024.01.31"]
[Round "8"]
[White "Pang, Tao"]
[Black "Kaczur, Florian"]
[Result "1/2-1/2"]
[WhiteElo "2430"]
[BlackElo "2506"]
[PlyCount "26"]
[EventDate "2024.01.27"]
[EventType "tourn"]
[EventRounds "9"]
[EventCountry "HUN"]
[EventCategory "7"]
[SourceTitle "CB06_2024"]
[SourceDate "2024.02.07"]
[SourceVersion "1"]
[SourceVersionDate "2024.02.07"]
[SourceQuality "1"]

1. d4 c6 2. c4 Nf6 3. Nf3 d5 4. cxd5 cxd5 5. Nc3 Nc6 6. Bf4 Nh5 7. Bd2 Nf6 8. Bf4 Bf5 9. e3 e6 10. Bd3 Bxd3 11. Qxd3 Bd6 12. Bxd6 Qxd6 13. 0-0 0-0 1/2-1/2

[Event "Budapest SixDays 01 GM-B"]
[Site "Budapest"]
[Date "2024.01.29"]
[Round "4"]
[White "Coenen, Michael"]
[Black "Kaczur, Florian"]
[Result "0-1"]
[WhiteElo "2330"]
[BlackElo "2506"]
[PlyCount "74"]
[EventDate "2024.01.27"]
[EventType "tourn"]
[EventRounds "9"]
[EventCountry "HUN"]
[EventCategory "7"]
[SourceTitle "CB06_2024"]
[SourceDate "2024.02.07"]
[SourceVersion "1"]
[SourceVersionDate "2024.02.07"]
[SourceQuality "1"]

1. d4 Nf6 2. Nf3 b6 3. g3 Bb7 4. Bg2 g6 5. c4 Bg7 6. b3 c5 7. Bb2 cxd4 8. 0-0 0-0 9. Bxd4 d6 10. Bb2 Nbd7 11. Nc3 a6 12. Ne1 Qb8 13. Nc2 Bxg2 14. Kxg2 b5 15. Ne3 bxc4 16. Nxc4 Rc8 17. Qd2 Qb7+ 18. Kg1 d5 19. Ne3 e6 20. Rac1 Nc5 21. Ncd1 Nce4 22. Rxc8+ Rxc8 23. Qa5 Bf8 24. Qa4 Bb4 25. a3 Be7 26. b4 Qb5 27. Qxb5 axb5 28. f3 Nd2 29. Re1 Nb3 30. Nf2 d4 31. Nf1 Rc2 32. Nd3 Nd5 33. e3 Nd2 34. Re2 dxe3 35. Kg2 Nc3 36. Bxc3 Rxc3 37. Rxe3 Nc4 0-1

[Event "HUN-chT 2324"]
[Site "Hungary"]
[Date "2023.10.28"]
[Round "1.6"]
[White "Kaczur, Florian"]
[Black "Markus, Robert"]
[Result "1/2-1/2"]
[WhiteElo "2504"]
[BlackElo "2578"]
[PlyCount "61"]
[EventDate "2023.10.28"]
[EventType "team-tourn"]
[EventRounds "9"]
[EventCountry "HUN"]
[SourceTitle "Mega2024 Update 01"]
[Source "Chessbase"]
[SourceDate "2023.11.12"]
[SourceVersion "1"]
[SourceVersionDate "2023.11.12"]
[SourceQuality "1"]
[WhiteTeam "Paks"]
[BlackTeam "Tungsram ANSK"]
[WhiteTeamCountry "HUN"]
[BlackTeamCountry "HUN"]

1. e4 e6 2. d4 d5 3. exd5 exd5 4. Bd3 Nf6 5. Nf3 c5 6. 0-0 c4 7. Re1+ Be7 8. Bf1 0-0 9. b3 cxb3 10. axb3 Nc6 11. Bb2 Re8 12. Nbd2 Bf5 13. c3 a5 14. Nh4 Bg4 15. Nhf3 Bf8 16. Rxe8 Qxe8 17. Qe2 Qxe2 18. Bxe2 Rc8 19. Bd3 Bd6 20. g3 b6 21. Kg2 Ne7 22. Ne1 Bf5 23. Bb5 Ne4 24. Nxe4 Bxe4+ 25. f3 Bf5 26. Kf2 Be6 27. Rc1 f6 28. Nc2 Kf7 29. Ne3 Nf5 30. Bd3 Nxe3 31. Kxe3 1/2-1/2

[Event "Budapest Vezerkepzo GM 09"]
[Site "Budapest"]
[Date "2023.09.28"]
[Round "7"]
[White "Matyassy, Lazar"]
[Black "Kaczur, Florian"]
[Result "1-0"]
[WhiteElo "2227"]
[BlackElo "2497"]
[PlyCount "79"]
[EventDate "2023.09.24"]
[EventType "tourn"]
[EventRounds "9"]
[EventCountry "HUN"]
[EventCategory "6"]
[SourceTitle "EXT 2024"]
[Source "ChessBase"]
[SourceDate "2023.10.10"]
[SourceVersion "1"]
[SourceVersionDate "2023.10.10"]
[SourceQuality "1"]

1. d4 g6 2. e4 Bg7 3. Nc3 a6 4. Be3 b5 5. Qd2 d6 6. 0-0-0 Nd7 7. f3 Bb7 8. g4 Rc8 9. Nce2 c5 10. dxc5 Nxc5 11. Nd4 Nf6 12. Bg2 Nfd7 13. Bh6 Nd3+ 14. Kb1 Bxh6 15. Qxd3 Ne5 16. Qe2 Qb6 17. g5 Bxg5 18. h4 Bf6 19. f4 Nc6 20. Nxc6 Qxc6 21. h5 Qc4 22. Rd3 0-0 23. Nh3 Rc7 24. f5 Rfc8 25. Rc1 gxf5 26. e5 dxe5 27. Bxb7 Rb8 28. Qg2+ Kh8 29. Bd5 Qc5 30. Bxf7 Rcc8 31. Rg3 Rf8 32. Rg1 Qc8 33. Rg7 Rxf7 34. Rxf7 Qg8 35. Qd5 Qc8 36. Ng5 Qg8 37. Rxh7+ Qxh7 38. Nxh7 Kxh7 39. Qf7+ Kh8 40. Rg6 1-0

[Event "Budapest Vezerkepzo GM 09"]
[Site "Budapest"]
[Date "2023.09.27"]
[Round "6"]
[White "Kaczur, Florian"]
[Black "Ostrovskiy, Aleksandr A"]
[Result "1-0"]
[WhiteElo "2497"]
[BlackElo "2370"]
[PlyCount "93"]
[EventDate "2023.09.24"]
[EventType "tourn"]
[EventRounds "9"]
[EventCountry "HUN"]
[EventCategory "6"]
[SourceTitle "EXT 2024"]
[Source "ChessBase"]
[SourceDate "2023.10.10"]
[SourceVersion "1"]
[SourceVersionDate "2023.10.10"]
[SourceQuality "1"]

1. e4 c6 2. Nf3 d5 3. Nc3 dxe4 4. Nxe4 Nf6 5. Ng3 c5 6. d4 e6 7. Bd3 Nc6 8. dxc5 Bxc5 9. a3 0-0 10. 0-0 b6 11. Qe2 Bb7 12. Rd1 Qc7 13. Bg5 Be7 14. Rd2 Rfd8 15. Rad1 g6 16. h4 Nd4 17. Nxd4 Rxd4 18. c3 Rdd8 19. Be4 Rxd2 20. Rxd2 Nxe4 21. Nxe4 Bxe4 22. Qxe4 Rd8 23. Rd4 Rxd4 24. Qxd4 h5 25. Bxe7 Qxe7 26. c4 e5 27. Qe4 Kg7 28. b4 Qd6 29. g3 Kf6 30. Qb7 Qe7 31. Qf3+ Kg7 32. Qe3 Kf6 33. c5 bxc5 34. bxc5 Qc7 35. Qf3+ Ke6 36. Qb3+ Ke7 37. Qd5 Qb8 38. Qc6 Qb1+ 39. Kg2 Qb8 40. a4 a5 41. Kh2 Qb2 42. Qd6+ Ke8 43. Kg2 Qc3 44. c6 Qd4 45. Qb8+ Ke7 46. Qb7+ Kf6 47. c7 1-0

[Event "Budapest Vezerkepzo GM 09"]
[Site "Budapest"]
[Date "2023.09.26"]
[Round "4"]
[White "Kaczur, Florian"]
[Black "Bagi, Mate"]
[Result "1/2-1/2"]
[WhiteElo "2497"]
[BlackElo "2446"]
[PlyCount "23"]
[EventDate "2023.09.24"]
[EventType "tourn"]
[EventRounds "9"]
[EventCountry "HUN"]
[EventCategory "6"]
[SourceTitle "EXT 2024"]
[Source "ChessBase"]
[SourceDate "2023.10.10"]
[SourceVersion "1"]
[SourceVersionDate "2023.10.10"]
[SourceQuality "1"]

1. e4 e5 2. d4 exd4 3. c3 dxc3 4. Bc4 cxb2 5. Bxb2 d5 6. Bxd5 Nf6 7. Bxf7+ Kxf7 8. Qxd8 Bb4+ 9. Qd2 Bxd2+ 10. Nxd2 Re8 11. f3 Nc6 12. Rc1 1/2-1/2

[Event "Titled Tuesday intern op 01st Aug Early"]
[Site "Chess.com INT"]
[Date "2023.08.01"]
[Round "2"]
[White "Castella Garcia, Fausto"]
[Black "Kaczur, Florian"]
[Result "0-1"]
[WhiteElo "2328"]
[BlackElo "2497"]
[PlyCount "40"]
[EventDate "2023.08.01"]
[EventType "swiss (blitz)"]
[EventRounds "11"]
[EventCountry "USA"]
[SourceTitle "EXT 2024"]
[Source "ChessBase"]
[SourceDate "2023.10.10"]
[SourceVersion "1"]
[SourceVersionDate "2023.10.10"]
[SourceQuality "1"]

1. e4 e5 2. Nf3 Nc6 3. Bb5 Nd4 4. Nxd4 exd4 5. 0-0 Nf6 6. d3 c6 7. Ba4 Bc5 8. f4 d5 9. e5 Nd7 10. Qh5 0-0 11. Nd2 a5 12. Nf3 b5 13. f5 bxa4 14. f6 Nxf6 15. exf6 Qxf6 16. Bg5 Qg6 17. Qh4 f6 18. Bf4 Qg4 19. Qxg4 Bxg4 20. Rae1 Rfe8 0-1

[Event "Titled Tuesday intern op 01st Aug Early"]
[Site "Chess.com INT"]
[Date "2023.08.01"]
[Round "7"]
[White "Kaczur, Florian"]
[Black "Pham, Le Thao Nguyen"]
[Result "1-0"]
[WhiteElo "2497"]
[BlackElo "2370"]
[PlyCount "91"]
[EventDate "2023.08.01"]
[EventType "swiss (blitz)"]
[EventRounds "11"]
[EventCountry "USA"]
[SourceTitle "EXT 2024"]
[Source "ChessBase"]
[SourceDate "2023.10.10"]
[SourceVersion "1"]
[SourceVersionDate "2023.10.10"]
[SourceQuality "1"]

1. Nf3 d5 2. c4 c6 3. Qc2 Nf6 4. d3 Bf5 5. Nh4 Bg6 6. Nxg6 hxg6 7. Nd2 e6 8. Nf3 Nbd7 9. Bd2 a5 10. g3 Qb6 11. Bg2 Bc5 12. 0-0 Ng4 13. e3 dxc4 14. d4 Bb4 15. h3 Ngf6 16. Qxc4 Bxd2 17. Nxd2 Qxb2 18. Qd3 Qb6 19. Rab1 Qa7 20. Qa3 b5 21. Bxc6 b4 22. Qd3 Rc8 23. Bg2 Rc3 24. Qb5 0-0 25. Nb3 a4 26. Qxb4 Rc2 27. Qa3 Rfc8 28. Rbc1 Nd5 29. Nc5 Rxc1 30. Rxc1 N5b6 31. Nxd7 Qxd7 32. Rxc8+ Qxc8 33. Qc5 Qa6 34. Bf1 Qb7 35. Bg2 Qa6 36. Kh2 a3 37. Qc6 Qa7 38. h4 Kh7 39. Be4 f5 40. Bf3 Nd5 41. Qxe6 Nf6 42. h5 Qa5 43. hxg6+ Kxg6 44. Kg2 Qd2 45. g4 fxg4 46. Bxg4 1-0

[Event "HUN-ch Rapid"]
[Site "Ajka"]
[Date "2023.07.22"]
[Round "6"]
[White "Kaczur, Florian"]
[Black "Balogh, Csaba"]
[Result "1-0"]
[WhiteElo "2497"]
[BlackElo "2558"]
[PlyCount "99"]
[EventDate "2023.07.21"]
[EventType "swiss (rapid)"]
[EventRounds "13"]
[EventCountry "HUN"]
[SourceTitle "CBM 215 Extra"]
[Source "ChessBase"]
[SourceDate "2023.09.30"]
[SourceVersion "1"]
[SourceVersionDate "2023.09.30"]
[SourceQuality "1"]

1. b3 d5 2. Bb2 Bf5 3. d3 e6 4. Nd2 Nf6 5. g3 h6 6. Bg2 Bh7 7. e3 Be7 8. Ne2 0-0 9. 0-0 a5 10. a3 c5 11. a4 Nc6 12. Nc3 Nd7 13. e4 Nf6 14. Nb5 dxe4 15. dxe4 Nd4 16. Bxd4 cxd4 17. e5 Nd7 18. Nc4 Nb6 19. Ncd6 Bxd6 20. Nxd6 d3 21. cxd3 Nc8 22. Bxb7 Nxd6 23. Bxa8 Qxa8 24. exd6 Rd8 25. Rc1 Qd5 26. Rc3 Bf5 27. Qe2 Rxd6 28. Rfc1 Kh7 29. Qe3 Rd8 30. h3 Rb8 31. Kh2 Rxb3 32. Rxb3 Qxb3 33. Qd4 Qa2 34. g4 Bg6 35. Kg3 Qe2 36. Qe3 Qa2 37. Qd4 Qe2 38. Qc3 Qa2 39. Qxa5 Bxd3 40. Qb4 Qd5 41. Qd2 e5 42. Rd1 e4 43. Qf4 Qb3 44. Rc1 Bf1+ 45. Qe3 Qb8+ 46. f4 exf3+ 47. Qf4 Qxf4+ 48. Kxf4 Bxh3 49. Kg3 Bg2 50. a5 1-0

[Event "Titled Tuesday intern op 23rd May Early"]
[Site "Chess.com INT"]
[Date "2023.05.23"]
[Round "9"]
[White "Fridman, Daniel"]
[Black "Kaczur, Florian"]
[Result "1-0"]
[WhiteElo "2574"]
[BlackElo "2492"]
[PlyCount "79"]
[EventDate "2023.05.23"]
[EventType "swiss (blitz)"]
[EventRounds "11"]
[EventCountry "USA"]
[SourceTitle "CBM 214 Extra"]
[Source "ChessBase"]
[SourceDate "2023.07.31"]
[SourceVersion "1"]
[SourceVersionDate "2023.07.31"]
[SourceQuality "1"]

1. d4 Nf6 2. Nf3 c6 3. c4 d6 4. g3 Nbd7 5. Nc3 e5 6. Bg2 Be7 7. 0-0 0-0 8. e4 a6 9. a3 b5 10. Qc2 bxc4 11. dxe5 Nxe5 12. Nxe5 dxe5 13. Rd1 Qc7 14. Na4 Bg4 15. f3 Qa7+ 16. Qf2 Be6 17. Be3 Qb7 18. Nb6 Rad8 19. Rdc1 Rd3 20. Nxc4 Qc7 21. b4 Rfd8 22. Bf1 Bxc4 23. Rxc4 Rd1 24. Rxd1 Rxd1 25. Qc2 Qd7 26. Rxc6 h6 27. Rc7 Qd6 28. Rc8+ Kh7 29. Bc5 Qd7 30. Bxe7 Ra1 31. Rc7 Qd4+ 32. Qf2 Qd3 33. Bxf6 gxf6 34. Kg2 Qxa3 35. Bc4 Qc1 36. Kh3 Rb1 37. Rxf7+ Kg6 38. Qa7 Kh5 39. Rg7 Qxc4 40. g4# 1-0

[Event "Titled Tuesday intern op 23rd May Early"]
[Site "Chess.com INT"]
[Date "2023.05.23"]
[Round "8"]
[White "Kaczur, Florian"]
[Black "Hoffmann, Asa"]
[Result "1-0"]
[WhiteElo "2492"]
[BlackElo "2185"]
[PlyCount "63"]
[EventDate "2023.05.23"]
[EventType "swiss (blitz)"]
[EventRounds "11"]
[EventCountry "USA"]
[SourceTitle "CBM 214 Extra"]
[Source "ChessBase"]
[SourceDate "2023.07.31"]
[SourceVersion "1"]
[SourceVersionDate "2023.07.31"]
[SourceQuality "1"]

1. Nf3 d6 2. d4 Bg4 3. e3 Nd7 4. h3 Bh5 5. g4 Bg6 6. Nh4 e5 7. Nxg6 hxg6 8. Bg2 c6 9. Nc3 Ngf6 10. Qd3 d5 11. Bd2 e4 12. Qe2 Bd6 13. 0-0-0 Qe7 14. f3 exf3 15. Bxf3 0-0-0 16. Qg2 Rde8 17. Rde1 Qd8 18. e4 dxe4 19. Nxe4 Nxe4 20. Bxe4 Nf6 21. Bd3 Rxe1+ 22. Rxe1 Re8 23. a3 Rxe1+ 24. Bxe1 Qe7 25. Bd2 Nd5 26. Qf2 Kc7 27. c4 Nf6 28. c5 Nd5 29. cxd6+ Kxd6 30. Bc4 f6 31. Bxd5 Kxd5 32. Qf3+ 1-0

[Event "Titled Tuesday intern op 23rd May Early"]
[Site "Chess.com INT"]
[Date "2023.05.23"]
[Round "5"]
[White "Lucas, Arthur"]
[Black "Kaczur, Florian"]
[Result "0-1"]
[WhiteElo "2359"]
[BlackElo "2492"]
[PlyCount "32"]
[EventDate "2023.05.23"]
[EventType "swiss (blitz)"]
[EventRounds "11"]
[EventCountry "USA"]
[SourceTitle "CBM 214 Extra"]
[Source "ChessBase"]
[SourceDate "2023.07.31"]
[SourceVersion "1"]
[SourceVersionDate "2023.07.31"]
[SourceQuality "1"]

1. e4 e6 2. d4 d5 3. Nc3 Bb4 4. e5 c5 5. Bd2 Bd7 6. Nb5 Bxd2+ 7. Qxd2 Bxb5 8. Bxb5+ Nd7 9. dxc5 Qc7 10. b4 Qxe5+ 11. Ne2 Qxa1+ 12. Nc1 Qe5+ 13. Kf1 Ngf6 14. Nd3 Qa1+ 15. Ke2 Qxh1 16. Ne5 Qxh2 0-1

[Event "Paphos op 1st"]
[Site "Paphos"]
[Date "2023.04.09"]
[Round "4"]
[White "Kaczur, Florian"]
[Black "Terentiev, Sergei"]
[Result "1-0"]
[WhiteElo "2475"]
[BlackElo "2264"]
[PlyCount "89"]
[EventDate "2023.04.07"]
[EventType "swiss"]
[EventRounds "9"]
[EventCountry "CYP"]
[SourceTitle "CBM 213 Extra"]
[Source "ChessBase"]
[SourceDate "2023.05.31"]
[SourceVersion "1"]
[SourceVersionDate "2023.05.31"]
[SourceQuality "1"]

1. c4 Nf6 2. Nc3 g6 3. g3 d5 4. cxd5 Nxd5 5. Bg2 Nb6 6. d3 Bg7 7. Be3 Nc6 8. Qd2 h5 9. Nf3 e5 10. h4 Nd4 11. 0-0 c6 12. Rac1 Bg4 13. Ng5 0-0 14. Rfd1 Qe7 15. f3 Bf5 16. Bf2 Bd7 17. e3 Nf5 18. Ne2 Rfd8 19. e4 Nd4 20. Nxd4 exd4 21. Qa5 Be6 22. f4 Bg4 23. Re1 Bf8 24. a3 c5 25. b3 f6 26. Nf3 Be6 27. Rb1 Qf7 28. e5 Bxb3 29. exf6 Bd5 30. Ng5 Qxf6 31. Bxd5+ Nxd5 32. Rxb7 Re8 33. Rxe8 Rxe8 34. Qxa7 Re7 35. Rxe7 Qxe7 36. Qa6 Qf6 37. Qb7 Ne7 38. Qb3+ Kh8 39. a4 Bh6 40. Ne4 Qc6 41. Qb8+ Kh7 42. a5 Bg7 43. Qa7 c4 44. Qxe7 c3 45. Bxd4 1-0

[Event "Titled Tuesday intern op 04th Apr Early"]
[Site "Chess.com INT"]
[Date "2023.04.04"]
[Round "4"]
[White "Kaczur, Florian"]
[Black "Simonovic, Miroslav"]
[Result "1-0"]
[WhiteElo "2475"]
[BlackElo "2097"]
[PlyCount "53"]
[EventDate "2023.04.04"]
[EventType "swiss (blitz)"]
[EventRounds "11"]
[EventCountry "USA"]
[SourceTitle "EXT 2024"]
[Source "ChessBase"]
[SourceDate "2023.10.10"]
[SourceVersion "1"]
[SourceVersionDate "2023.10.10"]
[SourceQuality "1"]

1. d4 Nf6 2. c4 c5 3. dxc5 e6 4. Nf3 Bxc5 5. Nc3 0-0 6. g3 d5 7. cxd5 Nxd5 8. Nxd5 Qxd5 9. Qxd5 exd5 10. Bg2 Nc6 11. 0-0 d4 12. Bd2 Be6 13. Rfc1 Bb6 14. Ng5 Bd7 15. Be4 h6 16. Nf3 Rfe8 17. Bd3 a6 18. Rc2 Bg4 19. Kg2 Ne5 20. Nxe5 Rxe5 21. Bf4 Re7 22. Rac1 Rae8 23. f3 Be6 24. Bc7 Bxc7 25. Rxc7 Bxa2 26. Rxe7 Rxe7 27. Rc8+ 1-0

[Event "Titled Tuesday intern op 04th Apr Early"]
[Site "Chess.com INT"]
[Date "2023.04.04"]
[Round "5"]
[White "Nikanova, Ekaterina"]
[Black "Kaczur, Florian"]
[Result "0-1"]
[WhiteElo "2005"]
[BlackElo "2475"]
[PlyCount "74"]
[EventDate "2023.04.04"]
[EventType "swiss (blitz)"]
[EventRounds "11"]
[EventCountry "USA"]
[SourceTitle "EXT 2024"]
[Source "ChessBase"]
[SourceDate "2023.10.10"]
[SourceVersion "1"]
[SourceVersionDate "2023.10.10"]
[SourceQuality "1"]

1. e4 c6 2. d4 d5 3. Nc3 dxe4 4. Nxe4 Nd7 5. Nf3 Ngf6 6. Nxf6+ Nxf6 7. c3 Bf5 8. Be2 e6 9. 0-0 Bd6 10. h3 Qc7 11. Bg5 h6 12. Be3 Nd5 13. Qd2 0-0-0 14. b4 e5 15. c4 Bxb4 16. Qb2 Bc3 17. Qa3 Nxe3 18. fxe3 Bxa1 19. Rxa1 exd4 20. Nxd4 Qe5 21. Nxf5 Qxa1+ 22. Kf2 Qf6 23. Kg1 Kb8 24. Nd4 Rxd4 25. exd4 Qxd4+ 26. Kh1 Re8 27. Bf3 Re1+ 28. Kh2 Qf4+ 29. g3 Qd2+ 30. Bg2 Re2 31. Qf8+ Kc7 32. Qxf7+ Kb6 33. c5+ Kxc5 34. Qf8+ Kb6 35. Qf3 Rxg2+ 36. Qxg2 Qxg2+ 37. Kxg2 Kc5 0-1

[Event "Titled Tuesday intern op 04th Apr Early"]
[Site "Chess.com INT"]
[Date "2023.04.04"]
[Round "10"]
[White "Yu, Jason"]
[Black "Kaczur, Florian"]
[Result "0-1"]
[WhiteElo "2014"]
[BlackElo "2475"]
[PlyCount "100"]
[EventDate "2023.04.04"]
[EventType "swiss (blitz)"]
[EventRounds "11"]
[EventCountry "USA"]
[SourceTitle "EXT 2024"]
[Source "ChessBase"]
[SourceDate "2023.10.10"]
[SourceVersion "1"]
[SourceVersionDate "2023.10.10"]
[SourceQuality "1"]

1. e4 e5 2. Nf3 Nc6 3. Bc4 Bc5 4. c3 Nf6 5. d4 exd4 6. cxd4 Bb4+ 7. Bd2 Bxd2+ 8. Nbxd2 d5 9. exd5 Nxd5 10. 0-0 0-0 11. Rc1 Nb6 12. Bb3 a5 13. a4 Bg4 14. h3 Bh5 15. Rc5 Bg6 16. Nc4 Nxc4 17. Bxc4 Qd6 18. Re1 Rad8 19. Qc1 Kh8 20. Bb5 Nxd4 21. Nxd4 Qxd4 22. Rxc7 b6 23. Ree7 h6 24. b3 Rd6 25. Bc4 Rf6 26. Qe3 Qd1+ 27. Kh2 Kh7 28. Red7 Qb1 29. Rd5 Qb2 30. Rd2 Qc1 31. Re7 Qb1 32. Rd5 Qc2 33. Rd2 Qf5 34. f3 h5 35. Rd5 Qc2 36. Rxh5+ Kg8 37. Rd5 Qb2 38. Rd2 Qa3 39. Red7 Qb4 40. Qd4 Kh7 41. Rd6 Rxd6 42. Qxd6 Qc3 43. Qd4 Qc1 44. Rf2 Re8 45. Qxb6 Re1 46. f4 Rh1+ 47. Kg3 Qc3+ 48. Rf3 Qe1+ 49. Kg4 f5+ 50. Kg5 Qe7+ 0-1

[Event "BL2-Ost 2223"]
[Site "Germany"]
[Date "2023.03.19"]
[Round "10.2"]
[White "Kaczur, Florian"]
[Black "Shengelia, Davit"]
[Result "1/2-1/2"]
[WhiteElo "2473"]
[BlackElo "2460"]
[PlyCount "154"]
[EventDate "2022.10.22"]
[EventType "team-tourn"]
[EventRounds "10"]
[EventCountry "GER"]
[SourceTitle "EXT 2024"]
[Source "ChessBase"]
[SourceDate "2023.10.10"]
[SourceVersion "1"]
[SourceVersionDate "2023.10.10"]
[SourceQuality "1"]
[WhiteTeam "Regensburg Bavaria"]
[BlackTeam "Muenchen Zugzwang"]
[WhiteTeamCountry "GER"]
[BlackTeamCountry "GER"]

1. d4 Nf6 2. c4 e6 3. Nc3 Bb4 4. e3 0-0 5. Bd3 Nc6 6. Nf3 d6 7. Bd2 e5 8. d5 Ne7 9. a3 Bxc3 10. Bxc3 Bf5 11. Bxf5 Nxf5 12. Qc2 Ne7 13. Nd2 b5 14. e4 Qd7 15. cxb5 Qxb5 16. a4 Qa6 17. b4 Nh5 18. b5 Qc8 19. 0-0 Qg4 20. f3 Qg6 21. Ra2 f5 22. Ba5 Nf4 23. g3 fxe4 24. Qxe4 Nfxd5 25. Qxg6 Nxg6 26. Nc4 a6 27. b6 cxb6 28. Nxb6 Nxb6 29. Bxb6 Rac8 30. Rd2 Rc6 31. a5 Ne7 32. Rfd1 Nc8 33. Kg2 Kf7 34. Be3 Ke6 35. f4 Ne7 36. fxe5 dxe5 37. Re2 Rfc8 38. Rdd2 Nf5 39. Bf2 Nd6 40. Rb2 Nc4 41. Rb7 R8c7 42. Rb8 Rc8 43. Rb7 R6c7 44. Rb3 Rd7 45. Be1 h5 46. Kh3 g5 47. Kg2 g4 48. h3 Rcd8 49. Rb4 Rc8 50. Rb3 Rdc7 51. Rb4 Rc6 52. Rb7 Nd6 53. Rbb2 Nb5 54. Bf2 Kd5 55. Bb6 Nd4 56. Rf2 Nf3 57. Be3 Ke4 58. Rfe2 Rc2 59. Bf2+ Rxe2 60. Rxe2+ Kd5 61. Rb2 e4 62. hxg4 hxg4 63. Kf1 Rc1+ 64. Ke2 Ra1 65. Rb8 Rxa5 66. Rd8+ Kc6 67. Ke3 Ng5 68. Rg8 Ra3+ 69. Ke2 Nh3 70. Be3 Ra2+ 71. Kf1 Ra1+ 72. Ke2 Ra2+ 73. Kf1 Ra1+ 74. Ke2 Ng1+ 75. Bxg1 Rxg1 76. Rxg4 Kd5 77. Rg8 Ra1 1/2-1/2

[Event "HUN-chT 2223"]
[Site "Hungary"]
[Date "2023.02.12"]
[Round "5.8"]
[White "Kaczur, Florian"]
[Black "Borhy, Marcell Boldizsar"]
[Result "1/2-1/2"]
[WhiteElo "2473"]
[BlackElo "2407"]
[PlyCount "101"]
[EventDate "2022.11.20"]
[EventType "team-tourn"]
[EventRounds "9"]
[EventCountry "HUN"]
[SourceTitle "CBM 213 Extra"]
[Source "ChessBase"]
[SourceDate "2023.05.31"]
[SourceVersion "1"]
[SourceVersionDate "2023.05.31"]
[SourceQuality "1"]
[WhiteTeam "Paks"]
[BlackTeam "Haladas"]
[WhiteTeamCountry "HUN"]
[BlackTeamCountry "HUN"]

1. e4 c5 2. Nf3 d6 3. d4 cxd4 4. Nxd4 Nf6 5. Nc3 a6 6. a4 e5 7. Nf3 Be7 8. Bc4 Be6 9. Qe2 Qc7 10. Bb3 Nbd7 11. Bg5 h6 12. Bxf6 Nxf6 13. 0-0 0-0 14. Rfd1 Rac8 15. Nh4 Rfd8 16. Rd3 Bc4 17. Bxc4 Qxc4 18. Nf5 Bf8 19. Qf3 Qe6 20. Ne3 g6 21. Ncd5 Nxd5 22. Rxd5 Be7 23. c4 Rf8 24. b3 f5 25. Rd3 Rc6 26. Qh3 Bg5 27. Nd5 Qf7 28. exf5 Qxf5 29. Qxf5 gxf5 30. g3 e4 31. Rdd1 Bf6 32. Ra2 Kf7 33. f3 Re8 34. Kg2 exf3+ 35. Kxf3 Re4 36. Rad2 Be5 37. h3 h5 38. Ne3 Ke6 39. Rg2 Rb6 40. Rd3 Rd4 41. Rgd2 Rxd3 42. Rxd3 Rc6 43. Nd5 h4 44. Nf4+ Kf6 45. gxh4 Rc8 46. Rd2 Rh8 47. h5 Rh7 48. h4 Ke7 49. Ng6+ Kf6 50. Nf4 Ke7 51. Ng6+ 1/2-1/2